000 00686nam a2200253Ia 4500
003 OSt
005 20221005073859.0
006 a|||||r|||| 00| 0
007 ta
008 221004b |||||||| |||| 00| 0 eng d
020 _a8185107947
024 _a25373
037 _cTextual
040 _aCRL
_cCRL
_beng
041 _2eng
_aeng
082 _aY150v6.2f, N9 RR
100 _aSaraswati Raju etc
_9608378
245 0 _aAtlas of women and men in India
260 _aNew Delhi
_bKali for women India
_c1999
300 _a131p.
_ccm.
650 _aSOCIOLOGY
942 _hY150v6.2f, N9 RR
_cTEXL
_2cc
999 _c981858
_d981858